[Event "Hamburg CupT final"]
[Site "Hamburg"]
[Date "2019.05.11"]
[Round "4.1"]
[White "Colpe, Malte"]
[Black "Kroencke, Volker"]
[Result "1-0"]
[WhiteElo "2357"]
[BlackElo "1852"]
[PlyCount "65"]
[EventDate "2019.05.11"]
[EventType "team-k.o."]
[EventRounds "5"]
[EventCountry "GER"]
[SourceTitle "EXT 2022"]
[Source "ChessBase"]
[SourceDate "2021.10.06"]
[SourceVersion "1"]
[SourceVersionDate "2021.10.06"]
[SourceQuality "1"]
[WhiteTeam "Hamburger SK III"]
[BlackTeam "Grosshansdorf II"]
[WhiteTeamCountry "GER"]
[BlackTeamCountry "GER"]

1. d4 Nf6 2. c4 c5 3. d5 b5 4. cxb5 a6 5. bxa6 Bxa6 6. Nc3 g6 7. Nf3 d6 8. e4 Bxf1 9. Kxf1 Bg7 10. g3 0-0 11. Kg2 Nbd7 12. a4 Qb6 13. Qc2 Rfb8 14. Nb5 Ne8 15. Ra3 Nc7 16. Nxc7 Qxc7 17. b3 Rb7 18. Bd2 Nb8 19. h4 Na6 20. h5 c4 21. hxg6 hxg6 22. Qxc4 Qxc4 23. bxc4 Nc5 24. a5 Nxe4 25. Be3 Ra6 26. Nd4 Bxd4 27. Bxd4 f6 28. g4 Rb4 29. Rah3 Ng5 30. Rh8+ Kf7 31. f4 e5 32. fxg5 fxg5 33. R1h7+ 1-0